00595nam a22001937a 450000500170000001000150001702000270003203500130005903700130007208200150008524500880010026000370018827000530022530000260027850000400030470000250034470000160036970000160038520140723161144.0 aENG-109979 c1050.00a9788171326532 aEN-93512 bDBAD/PUB a331.31095400aChild labour in India /cedited by Ravi Prakash Yadav, Ragini Deep [and] Rakhi Roy  aJaipurbPointer Publishersc2011 a807,Vyas Buliding, S.M.S.HighwaybJaipure302003 axxii,306p. c22cm(Hb) aIncludes bibliographical references aYadav, Ravi Prakash  aRagini Deep aRoy, Rakhi